| 000 | 00351 a2200109 4500 | ||
|---|---|---|---|
| 001 | ART_6703 | ||
| 005 | 20260410161620.0 | ||
| 008 | 260409a | ||
| 245 | 1 | 0 | _aCapital a mantener. Sus efectos sobre los resultados contables de las empresas |
| 100 | 1 | _aD´Onofrio, Paula Alejandra | |
| 773 | 0 |
_tEnfoques _g- Nº 1 (ene. 2010) _wREV416 |
|
| 999 |
_c11498 _d11498 |
||